000 00730nab a2200229u 4500
001 08069
003 HDC
007 c| |||a|c|aaaa
008 210129b20171027my ||||| |||| 00| 0 may d
040 _aHDC
245 0 _aF&B MAHB catat pertumbuhan 18%
336 _atext
_2rdacontent
337 _acomputer
_2rdamedia
338 _aonline resource
_2rdacarrier
650 _aFood and beverages (F&B)
_98591
650 _aMalaysia Airport Holdings Bhd (MAHB)
_98590
710 _aHarian Metro
856 _zRequest full-text at [email protected]
942 _2lcc
942 _cNEWS
942 _kNWSC 001471
999 _c5392
_d5392